<?xml version="1.0" encoding="UTF-8"?>
<record
    xmlns:xsi="http://www.w3.org/2001/XMLSchema-instance"
    xsi:schemaLocation="http://www.loc.gov/MARC21/slim http://www.loc.gov/standards/marcxml/schema/MARC21slim.xsd"
    xmlns="http://www.loc.gov/MARC21/slim">

  <leader>01324nam a2200301 i 4500</leader>
  <controlfield tag="001">187652</controlfield>
  <controlfield tag="003">ES-MaACL</controlfield>
  <controlfield tag="005">20250804112834.0</controlfield>
  <controlfield tag="008">171215s2008    sp           |||| | spa d</controlfield>
  <datafield tag="020" ind1=" " ind2=" ">
    <subfield code="a">978-84-8427-656-2</subfield>
  </datafield>
  <datafield tag="080" ind1=" " ind2=" ">
    <subfield code="a">821.134.2 Rojas Zorrilla, Francisco de 1.07</subfield>
  </datafield>
  <datafield tag="111" ind1="2" ind2=" ">
    <subfield code="a">Congreso Internacional Rojas Zorrilla en su IV Centenario (</subfield>
    <subfield code="d">2007.</subfield>
    <subfield code="c">Toledo)</subfield>
    <subfield code="9">163929</subfield>
  </datafield>
  <datafield tag="245" ind1="1" ind2="0">
    <subfield code="a">Rojas Zorrilla en su IV centenario </subfield>
    <subfield code="b">Congreso Internacional (Toledo, 4-7 de octubre de 2007) / </subfield>
    <subfield code="c">edici&#xF3;n cuidada por Felipe B. Pedraza Jim&#xE9;nez, Rafael Gonz&#xE1;lez Ca&#xF1;al y Elena E. Marcello.</subfield>
  </datafield>
  <datafield tag="250" ind1=" " ind2=" ">
    <subfield code="a">1&#xAA; ed.</subfield>
  </datafield>
  <datafield tag="260" ind1=" " ind2=" ">
    <subfield code="a">[Cuenca] : </subfield>
    <subfield code="b">Servicio de Publicaciones de la Universidad de Castilla-La Mancha, </subfield>
    <subfield code="c">2008.</subfield>
  </datafield>
  <datafield tag="300" ind1=" " ind2=" ">
    <subfield code="a">820 p. ; </subfield>
    <subfield code="c">24 cm.</subfield>
  </datafield>
  <datafield tag="490" ind1="1" ind2=" ">
    <subfield code="a">Corral de comedias ; </subfield>
    <subfield code="v">25</subfield>
  </datafield>
  <datafield tag="504" ind1=" " ind2=" ">
    <subfield code="a">Incluye referencias bibliogr&#xE1;ficas.</subfield>
  </datafield>
  <datafield tag="600" ind1="1" ind2="4">
    <subfield code="a">Rojas Zorrilla, Francisco de, </subfield>
    <subfield code="d">1607-1648</subfield>
    <subfield code="9">99085</subfield>
  </datafield>
  <datafield tag="700" ind1="1" ind2=" ">
    <subfield code="a">Pedraza Jim&#xE9;nez, Felipe B.</subfield>
    <subfield code="9">89890</subfield>
  </datafield>
  <datafield tag="700" ind1="1" ind2=" ">
    <subfield code="a">Gonz&#xE1;lez Ca&#xF1;al, Rafael,</subfield>
    <subfield code="d">1961-</subfield>
    <subfield code="9">138641</subfield>
  </datafield>
  <datafield tag="700" ind1="1" ind2=" ">
    <subfield code="a">Marcello, Elena E.</subfield>
    <subfield code="9">163930</subfield>
  </datafield>
  <datafield tag="830" ind1="0" ind2=" ">
    <subfield code="a">Corral de comedias ; </subfield>
    <subfield code="v">25</subfield>
    <subfield code="9">225596</subfield>
  </datafield>
  <datafield tag="852" ind1=" " ind2=" ">
    <subfield code="a">ES-MaACL</subfield>
    <subfield code="j">A-14150</subfield>
    <subfield code="9">194740</subfield>
    <subfield code="b">R.151286</subfield>
    <subfield code="c">DEPO1</subfield>
    <subfield code="d">Olim: N-7150</subfield>
    <subfield code="h">Donaci&#xF3;n: Casa de Vel&#xE1;zquez</subfield>
  </datafield>
  <datafield tag="914" ind1=" " ind2=" ">
    <subfield code="9">2477</subfield>
    <subfield code="a">Casa de Vel&#xE1;zquez</subfield>
    <subfield code="e">dnr</subfield>
  </datafield>
  <datafield tag="942" ind1=" " ind2=" ">
    <subfield code="2">udc</subfield>
    <subfield code="c">MONOGRAFIA</subfield>
  </datafield>
  <datafield tag="999" ind1=" " ind2=" ">
    <subfield code="c">187652</subfield>
    <subfield code="d">187652</subfield>
  </datafield>
  <datafield tag="952" ind1=" " ind2=" ">
    <subfield code="0">0</subfield>
    <subfield code="1">0</subfield>
    <subfield code="2">udc</subfield>
    <subfield code="4">0</subfield>
    <subfield code="7">0</subfield>
    <subfield code="a">ATENEOM</subfield>
    <subfield code="b">ATENEOM</subfield>
    <subfield code="c">DEPO1</subfield>
    <subfield code="d">2017-12-15</subfield>
    <subfield code="e">DONACION</subfield>
    <subfield code="l">0</subfield>
    <subfield code="o">A-14150</subfield>
    <subfield code="p">1198204</subfield>
    <subfield code="r">2023-02-23 00:00:00</subfield>
    <subfield code="w">2023-02-23</subfield>
    <subfield code="y">MONOGRAFIA</subfield>
  </datafield>
</record>
